Звичайний вигляд
Перегляд у МАРК
Входження „Personal Name“
Кількість записів, які використовуються: 1
001 - CONTROL NUMBER
- control field: 18792
003 - CONTROL NUMBER IDENTIFIER
- control field: UA-OsUOA
005 - DATE AND TIME OF LATEST TRANSACTION
- control field: 20250214141137.0
008 - FIXED-LENGTH DATA ELEMENTS
- fixed length control field: 250214|| aca||aabn | a|a d
040 ## - CATALOGING SOURCE
- Original cataloging agency: UA-OsUOA
- Transcribing agency: UA-OsUOA
100 ## - HEADING--PERSONAL NAME
- Personal name: Журавлівський І.М
670 ## - SOURCE DATA FOUND
- Source citation: Work cat.: (UA-OsUOA)573902: Завальнюк К. В. 18791, Князі Острозькі та Східне Поділля